[Event "Third Saturday GM 60"]
[Site "Novi Sad SRB"]
[Date "2018.01.25"]
[Round "9.2"]
[White "Risting, Eivind Olav"]
[Black "Yang, Kaiqi"]
[Result "0-1"]
[WhiteElo "2309"]
[BlackElo "2430"]
[PlyCount "66"]
[EventDate "2018.01.20"]
[EventType "tourn"]
[EventRounds "9"]
[EventCountry "YUG"]
[EventCategory "6"]
[Source "Chess Mix"]
[SourceDate "2018.02.01"]

1. d4 Nf6 2. Bg5 d5 3. e3 e6 4. Nf3 Be7 5. c4 h6 6. Bh4 O-O 7. Nc3 b6 8. Bd3
Bb7 9. O-O Nbd7 10. cxd5 Nxd5 11. Bxe7 Qxe7 12. Nxd5 Bxd5 13. Qe2 c5 14. dxc5
Nxc5 15. Bc4 Bb7 16. Rfd1 Qf6 17. Rac1 Bxf3 18. gxf3 Rac8 19. Bb5 e5 20. b4 Ne6
21. Bd7 Rxc1 22. Rxc1 Nd4 23. Qd1 Nxf3+ 24. Kh1 Rd8 25. Qd5 Ng5 26. Kg2 e4 27.
Qf5 Qd6 28. Rc8 Rxc8 29. Bxc8 Qxb4 30. Bb7 g6 31. Qc8+ Kg7 32. Qe8 Qc4 33. Qd7
Qe2 0-1

[Event "Third Saturday 58 2018.01"]
[Site "Backi Petrovac SRB"]
[Date "2018.01.14"]
[Round "1.6"]
[White "Popchev, Milko"]
[Black "Yang, Kaiqi"]
[Result "0-1"]
[WhiteElo "2284"]
[BlackElo "2430"]
[PlyCount "76"]
[EventDate "2018.01.14"]
[EventType "swiss"]
[EventRounds "9"]
[EventCountry "YUG"]
[Source "Chess Mix"]
[SourceDate "2018.02.01"]

1. d4 Nf6 2. Nf3 g6 3. c3 Bg7 4. Bg5 O-O 5. Nbd2 d5 6. e3 Nbd7 7. Be2 Re8 8.
Ne5 Nxe5 9. dxe5 Nd7 10. e6 fxe6 11. h4 h6 12. Qc2 hxg5 13. Qxg6 Nf8 14. Qxg5
e5 15. h5 Kh8 16. Nf3 Nh7 17. Qg3 Qd6 18. e4 Bf6 19. exd5 Rg8 20. Qh2 e4 21.
Nd2 Qxh2 22. Rxh2 Be5 23. Rh1 Rxg2 24. Nxe4 Bf5 25. Bf3 Rgg8 26. Ng3 Raf8 27.
Nxf5 Rxf5 28. Be4 Rf4 29. Bg6 Rgf8 30. Rf1 Rxf2 31. Rxf2 Bg3 32. O-O-O Rxf2 33.
Rd4 Nf6 34. Bf7 Kg7 35. Be6 Nxh5 36. Rg4+ Kf6 37. Rg8 Nf4 38. Rb8 Nxe6 0-1

[Event "Third Saturday 58 2018.01"]
[Site "Backi Petrovac SRB"]
[Date "2018.01.15"]
[Round "2.1"]
[White "Yang, Kaiqi"]
[Black "Saptarshi, Roy"]
[Result "1/2-1/2"]
[WhiteElo "2430"]
[BlackElo "2476"]
[PlyCount "58"]
[EventDate "2018.01.14"]
[EventType "swiss"]
[EventRounds "9"]
[EventCountry "YUG"]
[Source "Chess Mix"]
[SourceDate "2018.02.01"]

1. e4 e5 2. Nf3 Nf6 3. Nxe5 d6 4. Nf3 Nxe4 5. d4 d5 6. Bd3 Bd6 7. O-O O-O 8. c4
c6 9. Nc3 Nxc3 10. bxc3 Bg4 11. c5 Bc7 12. h3 Bh5 13. Bg5 Qxg5 14. Nxg5 Bxd1
15. Raxd1 h6 16. Nf3 Nd7 17. Rfe1 Rfe8 18. c4 Nf6 19. Kf1 Kf8 20. Rxe8+ Rxe8
21. g3 Rd8 22. Rb1 b6 23. cxb6 axb6 24. Rc1 dxc4 25. Bxc4 Bd6 26. Bb3 c5 27.
Rd1 Re8 28. dxc5 Bxc5 29. Ne1 Rc8 1/2-1/2

[Event "Third Saturday 58 2018.01"]
[Site "Backi Petrovac SRB"]
[Date "2018.01.15"]
[Round "3.3"]
[White "Ivanov, Mikhail M"]
[Black "Yang, Kaiqi"]
[Result "1/2-1/2"]
[WhiteElo "2361"]
[BlackElo "2430"]
[PlyCount "130"]
[EventDate "2018.01.14"]
[EventType "swiss"]
[EventRounds "9"]
[EventCountry "YUG"]
[Source "Chess Mix"]
[SourceDate "2018.02.01"]

1. d4 Nf6 2. Nf3 g6 3. Nbd2 Bg7 4. e4 d6 5. Bb5+ c6 6. Bd3 O-O 7. O-O Qc7 8. a4
a5 9. Re1 e5 10. dxe5 dxe5 11. b3 Nh5 12. Nc4 Na6 13. Be3 c5 14. Na3 Nb4 15.
Bc4 Nf4 16. c3 Rd8 17. Qb1 Nbd3 18. Nb5 Qe7 19. Rd1 Bg4 20. Rxd3 Nxd3 21. Bxd3
Bxf3 22. gxf3 Bf6 23. Bc4 Bg5 24. Qc1 Bxe3 25. Qxe3 Ra6 26. Na3 Rf6 27. Be2 Rf4
28. Nc4 Qc7 29. Kh1 Kg7 30. Rg1 h5 31. Qc1 Rd7 32. Ne3 Qd8 33. Nd5 Rxd5 34.
exd5 Qxd5 35. Qe3 b6 36. Re1 f6 37. Bc4 Qc6 38. Kg2 Rg4+ 39. Kf1 Rf4 40. Rd1
Rxf3 41. Rd7+ Qxd7 42. Qxf3 Qd2 43. h4 f5 44. Qb7+ Kh6 45. Qf3 Kg7 46. Qd5 Qxd5
47. Bxd5 g5 48. hxg5 Kg6 49. Kg2 Kxg5 50. Bc4 e4 51. Be2 f4 52. f3 e3 53. Ba6
h4 54. Bc8 Kf6 55. Kf1 Ke5 56. Ke2 Kf6 57. Kd3 Ke5 58. Bd7 Kd6 59. Bc8 Ke5 60.
Bd7 Kd6 61. Bc8 Ke5 62. c4 Kf6 63. Bd7 Ke5 64. Bh3 Kf6 65. Bc8 Ke5 1/2-1/2

[Event "Third Saturday 58 2018.01"]
[Site "Backi Petrovac SRB"]
[Date "2018.01.16"]
[Round "4.3"]
[White "Yang, Kaiqi"]
[Black "Lajthajm, Borko"]
[Result "1/2-1/2"]
[WhiteElo "2430"]
[BlackElo "2437"]
[PlyCount "41"]
[EventDate "2018.01.14"]
[EventType "swiss"]
[EventRounds "9"]
[EventCountry "YUG"]
[Source "Chess Mix"]
[SourceDate "2018.02.01"]

1. e4 e6 2. d4 d5 3. Nd2 dxe4 4. Nxe4 Nd7 5. Nf3 Ngf6 6. Nxf6+ Nxf6 7. Bg5 a6
8. Bd3 c5 9. Qe2 cxd4 10. O-O-O Be7 11. h4 h6 12. Bd2 Qd5 13. Kb1 Bd7 14. Bf4
Bb5 15. Be5 O-O 16. Bxd4 Rfc8 17. Rhg1 Bxd3 18. Rxd3 Qe4 19. Qxe4 Nxe4 20. Re1
Nf6 21. Ne5 1/2-1/2

[Event "Third Saturday 58 2018.01"]
[Site "Backi Petrovac SRB"]
[Date "2018.01.17"]
[Round "5.3"]
[White "Vardan, Nagpal"]
[Black "Yang, Kaiqi"]
[Result "1/2-1/2"]
[WhiteElo "2446"]
[BlackElo "2430"]
[PlyCount "86"]
[EventDate "2018.01.14"]
[EventType "swiss"]
[EventRounds "9"]
[EventCountry "YUG"]
[Source "Chess Mix"]
[SourceDate "2018.02.01"]

1. e4 e5 2. Nf3 Nc6 3. d4 exd4 4. Nxd4 Bc5 5. Be3 Qf6 6. c3 Nge7 7. Bb5 Bb6 8.
O-O O-O 9. a4 Qg6 10. Bd3 Ne5 11. a5 Bxd4 12. cxd4 Nxd3 13. Qxd3 d5 14. f3 Be6
15. Nc3 c6 16. Qd2 Rad8 17. e5 f6 18. exf6 Rxf6 19. Bg5 Rf7 20. Rae1 Re8 21.
Bxe7 Rfxe7 22. Re5 Bf7 23. f4 Qd6 24. Na4 Bg6 25. Rfe1 Qc7 26. Qb4 Rxe5 27.
Rxe5 Qf7 28. Qd6 Rf8 29. g3 Bf5 30. Nc3 Qh5 31. Re7 Re8 32. Rxe8+ Qxe8 33. Qe5
Qf8 34. Kf2 h6 35. Kf3 h5 36. Kf2 Bg4 37. h3 Bf5 38. Nd1 Bxh3 39. Qxh5 Qb4 40.
Qe8+ Kh7 41. Qh5+ Kg8 42. Qe8+ Kh7 43. Qh5+ Kg8 1/2-1/2

[Event "Third Saturday 58 2018.01"]
[Site "Backi Petrovac SRB"]
[Date "2018.01.17"]
[Round "6.4"]
[White "Yang, Kaiqi"]
[Black "Naumkin, Igor"]
[Result "0-1"]
[WhiteElo "2430"]
[BlackElo "2394"]
[PlyCount "142"]
[EventDate "2018.01.14"]
[EventType "swiss"]
[EventRounds "9"]
[EventCountry "YUG"]
[Source "Chess Mix"]
[SourceDate "2018.02.01"]

1. e4 e5 2. Nf3 Nc6 3. d4 exd4 4. Nxd4 Bc5 5. Nb3 Bb6 6. Nc3 Nf6 7. Qe2 d6 8.
Be3 Be6 9. O-O-O Qe7 10. g3 O-O-O 11. Bxb6 axb6 12. Bg2 Kb8 13. Nd4 Bd7 14.
Ndb5 Bg4 15. f3 Be6 16. Rhe1 Rhe8 17. Qf2 Na7 18. Nxa7 Kxa7 19. f4 Kb8 20. h3
h6 21. Rd3 Nd7 22. Qd4 Qf6 23. Qb4 Nc5 24. Rde3 g5 25. e5 dxe5 26. Rxe5 Qe7 27.
Kb1 Qd6 28. a3 f6 29. R5e2 Bf7 30. b3 gxf4 31. Qxf4 Qxf4 32. gxf4 Rxe2 33. Rxe2
Ne6 34. Rf2 c6 35. f5 Nc5 36. b4 Nd7 37. Ne4 Bd5 38. Nc3 Bf7 39. Ne4 Kc7 40.
Rd2 b5 41. Kc1 Bd5 42. Nc3 Nb6 43. Bxd5 Nxd5 44. Nxd5+ Rxd5 45. Rg2 Rxf5 46.
Rg7+ Kb6 47. Kb2 Rh5 48. Rf7 f5 49. h4 Rxh4 50. Rxf5 Re4 51. Rf7 h5 52. Rh7 h4
53. Ka2 Ka7 54. Kb2 Kb8 55. c3 Kc8 56. Kb3 b6 57. a4 bxa4+ 58. Kxa4 b5+ 59. Ka5
Rc4 60. Kb6 Kd8 61. Ka5 Ke8 62. Kb6 Kf8 63. Kc7 Kg8 64. Rd7 Rxc3 65. Kd8 h3 66.
Ke7 Kg7 67. Ke6+ Kg6 68. Ke5 h2 69. Rd1 Rh3 70. Rh1 Kg5 71. Kd6 Rh6+ 0-1

[Event "Third Saturday 58 2018.01"]
[Site "Backi Petrovac SRB"]
[Date "2018.01.18"]
[Round "7.5"]
[White "Yang, Kaiqi"]
[Black "Nomin Erdene, Davaademberel"]
[Result "1-0"]
[WhiteElo "2430"]
[BlackElo "2356"]
[PlyCount "59"]
[EventDate "2018.01.14"]
[EventType "swiss"]
[EventRounds "9"]
[EventCountry "YUG"]
[Source "Chess Mix"]
[SourceDate "2018.02.01"]

1. Nf3 f5 2. d3 Nf6 3. e4 d6 4. exf5 Bxf5 5. d4 e6 6. Bd3 Qe7 7. O-O Bxd3 8.
Qxd3 Nc6 9. Re1 O-O-O 10. Nc3 Qd7 11. a3 Re8 12. b4 g6 13. b5 Nd8 14. a4 Bg7
15. Bd2 Re7 16. a5 Rhe8 17. Bg5 Rf7 18. b6 cxb6 19. a6 bxa6 20. Qxa6+ Kb8 21.
Nb5 Nc6 22. c4 Bf8 23. Bxf6 Rxf6 24. d5 Na5 25. Nfd4 Rc8 26. Rxa5 bxa5 27. Nc6+
Ka8 28. Nbxa7 Qb7 29. Qxa5 Qc7 30. Qa1 1-0

[Event "Third Saturday 58 2018.01"]
[Site "Backi Petrovac SRB"]
[Date "2018.01.18"]
[Round "8.4"]
[White "Dedebas, Emre Emin"]
[Black "Yang, Kaiqi"]
[Result "1/2-1/2"]
[WhiteElo "2251"]
[BlackElo "2430"]
[PlyCount "73"]
[EventDate "2018.01.14"]
[EventType "swiss"]
[EventRounds "9"]
[EventCountry "YUG"]
[Source "Chess Mix"]
[SourceDate "2018.02.01"]

1. d4 Nf6 2. Bf4 g6 3. Nc3 d5 4. e3 Bg7 5. h4 O-O 6. h5 c5 7. hxg6 fxg6 8. Qd2
Nc6 9. Bb5 Nh5 10. dxc5 d4 11. Bc4+ Kh8 12. Nce2 e5 13. Bg3 Qe7 14. exd4 Nxd4
15. Nxd4 exd4+ 16. Ne2 Qxc5 17. Bd3 Qd5 18. O-O Qf7 19. Bh4 Bd7 20. Be4 Bb5 21.
a4 Bc4 22. Bd3 Bd5 23. Bg5 Rae8 24. Ng3 Nf6 25. Bxf6 Qxf6 26. Rae1 Qh4 27. Rxe8
Rxe8 28. Re1 Re5 29. Qb4 Qf4 30. Rxe5 Bxe5 31. Qe7 Bd6 32. Qe8+ Kg7 33. Qd7+
Kh6 34. Qh3+ Kg7 35. Qd7+ Kh6 36. Qh3+ Kg7 37. Qd7+ 1/2-1/2

[Event "Third Saturday 58 2018.01"]
[Site "Backi Petrovac SRB"]
[Date "2018.01.19"]
[Round "9.6"]
[White "Ozbay, Ece"]
[Black "Yang, Kaiqi"]
[Result "0-1"]
[WhiteElo "2039"]
[BlackElo "2430"]
[PlyCount "54"]
[EventDate "2018.01.14"]
[EventType "swiss"]
[EventRounds "9"]
[EventCountry "YUG"]
[Source "Chess Mix"]
[SourceDate "2018.02.01"]

1. e4 e5 2. Nf3 Nc6 3. Bb5 a6 4. Ba4 Nf6 5. O-O b5 6. Bb3 Bb7 7. Re1 Bc5 8. c3
d6 9. d4 Bb6 10. h3 h6 11. Bc2 O-O 12. Be3 exd4 13. Nxd4 Nxd4 14. Bxd4 c5 15.
Bxf6 Qxf6 16. Nd2 Rfe8 17. Qf3 Qg5 18. Nf1 Re6 19. Ng3 Rae8 20. Red1 c4 21. Kh1
g6 22. Rf1 h5 23. Qd1 d5 24. exd5 Bxd5 25. f4 Qxg3 26. Qxd5 Re2 27. Rac1 R8e3
0-1

[Event "Third Saturday GM 62 2018.01"]
[Site "Backi Petrovac SRB"]
[Date "2018.01.08"]
[Round "1.5"]
[White "Yang, Kaiqi"]
[Black "Laketic, Gojko"]
[Result "1-0"]
[WhiteElo "2430"]
[BlackElo "2369"]
[PlyCount "92"]
[EventDate "2018.01.08"]
[EventType "tourn"]
[EventRounds "9"]
[EventCountry "YUG"]
[EventCategory "6"]
[Source "Chess Mix"]
[SourceDate "2018.02.01"]

1. Nf3 d5 2. g3 c6 3. Bg2 Bg4 4. d3 e6 5. O-O Nd7 6. Nbd2 Bd6 7. e4 Ne7 8. h3
Bh5 9. Qe1 O-O 10. Nh4 Ng6 11. Nxg6 Bxg6 12. f4 Re8 13. Nf3 f6 14. Kh1 Qb6 15.
Qe2 dxe4 16. dxe4 Rad8 17. b3 Qb4 18. c4 Nc5 19. Bd2 Nxe4 20. Be1 Qa3 21. Nh4
Nc5 22. Nxg6 hxg6 23. Rd1 a5 24. Rf3 Na6 25. Rfd3 Bc7 26. Rd7 Rxd7 27. Rxd7 Re7
28. Qd2 Kf7 29. Bf2 Rxd7 30. Qxd7+ Qe7 31. Qc8 Bd6 32. Bb6 Nc5 33. Bxa5 e5 34.
b4 exf4 35. bxc5 Bxc5 36. gxf4 Qe3 37. Qxb7+ Kg8 38. Qb1 Qxf4 39. Bxc6 Bd6 40.
Bd5+ Kh7 41. Qg1 Qf5 42. Kg2 Qg5+ 43. Kf1 Qf5+ 44. Ke2 Qc2+ 45. Bd2 Bb4 46. Qd4
Bxd2 1-0

[Event "Third Saturday GM 62 2018.01"]
[Site "Backi Petrovac SRB"]
[Date "2018.01.09"]
[Round "2.2"]
[White "Naumkin, Igor"]
[Black "Yang, Kaiqi"]
[Result "1-0"]
[WhiteElo "2394"]
[BlackElo "2430"]
[PlyCount "149"]
[EventDate "2018.01.08"]
[EventType "tourn"]
[EventRounds "9"]
[EventCountry "YUG"]
[EventCategory "6"]
[Source "Chess Mix"]
[SourceDate "2018.02.01"]

1. d4 Nf6 2. c4 g6 3. Nc3 d5 4. cxd5 Nxd5 5. e4 Nxc3 6. bxc3 Bg7 7. Bc4 c5 8.
Ne2 Nc6 9. Be3 O-O 10. O-O b6 11. e5 Na5 12. Bd3 Bb7 13. Qd2 Rc8 14. Rad1 cxd4
15. cxd4 Nc4 16. Bxc4 Rxc4 17. Bh6 Qd5 18. f3 Rfc8 19. Bxg7 Kxg7 20. Qg5 Qd7
21. Rfe1 h6 22. Qg3 Qf5 23. h4 e6 24. Rd2 Rc2 25. Rxc2 Rxc2 26. d5 Qd3 27. dxe6
Rxe2 28. Rxe2 Qxe2 29. Qf4 fxe6 30. Qf6+ Kh7 31. Qe7+ Kh8 32. Qd8+ Kg7 33. Qc7+
Kf8 34. Qb8+ Bc8 35. Qxc8+ Ke7 36. Qc7+ Ke8 37. Qb8+ Kf7 38. Qxa7+ Kg8 39. Qb8+
Kg7 40. Qc7+ Kg8 41. Qd8+ Kg7 42. Qf6+ Kh7 43. Kh2 Qe1 44. h5 gxh5 45. Qf7+ Kh8
46. Qxh5 Kg7 47. Qg4+ Kf7 48. Qf4+ Ke8 49. Qf6 Kd7 50. Qf7+ Kc6 51. Qxe6+ Kc5
52. Qd6+ Kc4 53. Qc6+ Kd4 54. Qxb6+ Kd3 55. Qd6+ Ke2 56. Qxh6 Qa5 57. e6 Kf2
58. Qh4+ Kf1 59. Qc4+ Kf2 60. Qd4+ Kf1 61. Qd1+ Kf2 62. f4 Qf5 63. Qf3+ Ke1 64.
Qh3 Qc5 65. f5 Qe7 66. Qe3+ Kf1 67. Qf4+ Ke2 68. f6 Qh7+ 69. Kg3 Ke1 70. f7
Qd3+ 71. Kh4 Qh7+ 72. Kg4 Qg6+ 73. Kf3 Qh5+ 74. Ke4 Qg6+ 75. Kd4 1-0

[Event "Third Saturday GM 62 2018.01"]
[Site "Backi Petrovac SRB"]
[Date "2018.01.09"]
[Round "3.4"]
[White "Yang, Kaiqi"]
[Black "Drazic, Sinisa"]
[Result "1-0"]
[WhiteElo "2430"]
[BlackElo "2441"]
[PlyCount "83"]
[EventDate "2018.01.08"]
[EventType "tourn"]
[EventRounds "9"]
[EventCountry "YUG"]
[EventCategory "6"]
[Source "Chess Mix"]
[SourceDate "2018.02.01"]

1. e4 Nf6 2. e5 Nd5 3. d4 d6 4. Nf3 dxe5 5. Nxe5 c6 6. Be2 Nd7 7. Nf3 g6 8. O-O
Bg7 9. c4 N5f6 10. Nc3 O-O 11. h3 Re8 12. Bf4 Nf8 13. Qd2 b6 14. Ne5 Bb7 15.
Bf3 Qc8 16. Rad1 Ne6 17. Bh2 c5 18. Bxb7 Qxb7 19. d5 Nd4 20. Ne2 Nd7 21. Nc6 e5
22. Nexd4 exd4 23. Rfe1 b5 24. b3 bxc4 25. bxc4 Nb6 26. Qa5 Nxc4 27. Qxc5 Nb2
28. Ne7+ Kh8 29. Rb1 d3 30. Bf4 Qd7 31. d6 d2 32. Bxd2 Nd3 33. Qd5 Nxe1 34.
Rxe1 Rf8 35. Bf4 Rad8 36. Re4 f5 37. Rc4 Qe8 38. Rc7 Qa4 39. Be5 Rd7 40. Rc4
Qxc4 41. Qxc4 Bxe5 42. Qe6 1-0

[Event "Third Saturday GM 62 2018.01"]
[Site "Backi Petrovac SRB"]
[Date "2018.01.10"]
[Round "4.3"]
[White "Lundin, Jan"]
[Black "Yang, Kaiqi"]
[Result "1/2-1/2"]
[WhiteElo "2282"]
[BlackElo "2430"]
[PlyCount "171"]
[EventDate "2018.01.08"]
[EventType "tourn"]
[EventRounds "9"]
[EventCountry "YUG"]
[EventCategory "6"]
[Source "Chess Mix"]
[SourceDate "2018.02.01"]

1. e4 e5 2. Nf3 Nc6 3. d4 exd4 4. Nxd4 Bc5 5. Nxc6 Qf6 6. Qf3 dxc6 7. Nc3 Be6
8. a3 O-O-O 9. Bd3 h6 10. Be3 Bd4 11. Bxd4 Qxd4 12. O-O-O Nf6 13. Be2 Qc5 14.
Qg3 g5 15. h4 Rxd1+ 16. Bxd1 Rd8 17. hxg5 hxg5 18. Be2 a5 19. Rd1 Rxd1+ 20.
Bxd1 b6 21. e5 Nd7 22. Ne4 Qd5 23. Nxg5 Nxe5 24. Nxe6 fxe6 25. Be2 Kb7 26. Qe3
Nd7 27. Bf3 Qc4 28. Qd3 Qf4+ 29. Qd2 Qf7 30. Qc3 Qf4+ 31. Qd2 Qf7 32. Qd4 e5
33. Qe4 Qf6 34. Kb1 Nc5 35. Qe3 a4 36. g3 Ne6 37. Be4 Nc5 38. Qf3 Qd6 39. Kc1
b5 40. Qe3 Ne6 41. Qd3 Qc5 42. Kb1 Kb6 43. Qe3 Qxe3 44. fxe3 c5 45. Kc1 b4 46.
Kd2 Ng5 47. Bf5 Kb5 48. c3 Kc4 49. cxb4 cxb4 50. axb4 Kxb4 51. Kc2 c5 52. Bd7
c4 53. Bc6 Ne6 54. Bd5 Ng5 55. Bc6 Nh3 56. Bd7 Ng5 57. Bc6 Nh7 58. g4 Ng5 59.
Bd5 Kc5 60. Bg8 Ne4 61. Bf7 Nd6 62. Bg6 Kd5 63. g5 Ke6 64. Kc3 Nb5+ 65. Kb4 Nc7
66. Kxc4 Kd6 67. Bf7 Na6 68. Bd5 Nc7 69. Be4 Ne6 70. g6 Ke7 71. Bc2 Kf6 72. Kd5
Nc7+ 73. Kc6 Na6 74. Kb5 Nc7+ 75. Kxa4 Nd5 76. Be4 Nxe3 77. b4 Nc4 78. b5 Nd6
79. Bd3 e4 80. Bxe4 Nxe4 81. b6 Nd6 82. Kb4 Kxg6 83. Kc5 Nb7+ 84. Kc6 Na5+ 85.
Kb5 Nb7 86. Kc6 1/2-1/2

[Event "Third Saturday GM 62 2018.01"]
[Site "Backi Petrovac SRB"]
[Date "2018.01.11"]
[Round "5.3"]
[White "Yang, Kaiqi"]
[Black "Vardan, Nagpal"]
[Result "1/2-1/2"]
[WhiteElo "2430"]
[BlackElo "2446"]
[PlyCount "80"]
[EventDate "2018.01.08"]
[EventType "tourn"]
[EventRounds "9"]
[EventCountry "YUG"]
[EventCategory "6"]
[Source "Chess Mix"]
[SourceDate "2018.02.01"]

1. c4 e6 2. g3 d5 3. Bg2 dxc4 4. Qa4+ c6 5. Qxc4 b5 6. Qc2 Bb7 7. Nf3 Nd7 8.
O-O Ngf6 9. b3 Rc8 10. Bb2 Be7 11. d3 O-O 12. Nbd2 c5 13. Rac1 a6 14. Qb1 Qb6
15. Rc2 Rfd8 16. a3 Nb8 17. Rfc1 Nc6 18. Qa1 h6 19. h3 Nb8 20. Bc3 Nc6 21. Bb2
Nb8 22. Bf1 Nbd7 23. Bc3 Bf8 24. Bg2 Nd5 25. Bb2 N5f6 26. e4 Ne8 27. d4 Qa7 28.
Bc3 cxd4 29. Bxd4 Qa8 30. Rxc8 Rxc8 31. Ne5 Nxe5 32. Bxe5 Rxc1+ 33. Qxc1 Qd8
34. b4 a5 35. bxa5 Qxa5 36. Bb2 b4 37. Nc4 Qc5 38. axb4 Qxb4 39. Ba3 Qa4 40.
Bxf8 Kxf8 1/2-1/2

[Event "Third Saturday GM 62 2018.01"]
[Site "Backi Petrovac SRB"]
[Date "2018.01.11"]
[Round "6.4"]
[White "Sedlak, Nikola"]
[Black "Yang, Kaiqi"]
[Result "1-0"]
[WhiteElo "2583"]
[BlackElo "2430"]
[PlyCount "67"]
[EventDate "2018.01.08"]
[EventType "tourn"]
[EventRounds "9"]
[EventCountry "YUG"]
[EventCategory "6"]
[Source "Chess Mix"]
[SourceDate "2018.02.01"]

1. d4 Nf6 2. Bg5 Ne4 3. h4 c5 4. d5 Qb6 5. Nd2 Nxd2 6. Bxd2 Qxb2 7. Nf3 Na6 8.
e4 Nb4 9. Rc1 g6 10. c3 Nxa2 11. Qc2 Qa3 12. Rb1 Bg7 13. e5 d6 14. Rb2 Nxc3 15.
Bxc3 Bf5 16. Bb5+ Kf8 17. Bd3 Bxd3 18. Qxd3 dxe5 19. O-O Bf6 20. Qc4 e4 21.
Bxf6 exf6 22. Rxb7 Qd3 23. Qxc5+ Kg7 24. Nd4 e3 25. fxe3 Qxe3+ 26. Kh1 Rae8 27.
Qxa7 Qg3 28. Rxf7+ Kh6 29. Nf5+ gxf5 30. Rxf6+ Kh5 31. R1xf5+ Kxh4 32. Qd4+ Qg4
33. Rh6+ Kg3 34. Qd3+ 1-0

[Event "Third Saturday GM 62 2018.01"]
[Site "Backi Petrovac SRB"]
[Date "2018.01.12"]
[Round "7.2"]
[White "Yang, Kaiqi"]
[Black "Dimitrijeski, Boris"]
[Result "1-0"]
[WhiteElo "2430"]
[BlackElo "2283"]
[PlyCount "71"]
[EventDate "2018.01.08"]
[EventType "tourn"]
[EventRounds "9"]
[EventCountry "YUG"]
[EventCategory "6"]
[Source "Chess Mix"]
[SourceDate "2018.02.01"]

1. e4 e5 2. Bc4 Nf6 3. d3 Nc6 4. Nc3 Na5 5. Qf3 Nxc4 6. dxc4 d6 7. Nge2 Be6 8.
b3 Be7 9. Ng3 c6 10. Bg5 a6 11. Bxf6 Bxf6 12. Rd1 Qe7 13. Nf5 Bxf5 14. exf5 O-O
15. O-O Rfd8 16. Rd3 Rac8 17. Rfd1 b5 18. g3 bxc4 19. bxc4 h6 20. Kg2 Kh7 21.
a4 Rd7 22. h4 Rdd8 23. Ne4 d5 24. cxd5 cxd5 25. Rxd5 Rxd5 26. Rxd5 Rxc2 27. Qd3
Qc7 28. Rd7 Qc4 29. Qxc4 Rxc4 30. Nxf6+ gxf6 31. Rxf7+ Kg8 32. Rxf6 Rxa4 33.
Rxh6 e4 34. h5 Ra3 35. Re6 e3 36. fxe3 1-0

[Event "Third Saturday GM 62 2018.01"]
[Site "Backi Petrovac SRB"]
[Date "2018.01.12"]
[Round "8.5"]
[White "Martorelli, Antonio"]
[Black "Yang, Kaiqi"]
[Result "0-1"]
[WhiteElo "2195"]
[BlackElo "2430"]
[PlyCount "44"]
[EventDate "2018.01.08"]
[EventType "tourn"]
[EventRounds "9"]
[EventCountry "YUG"]
[EventCategory "6"]
[Source "Chess Mix"]
[SourceDate "2018.02.01"]

1. e4 e5 2. Nf3 Nc6 3. Bb5 a6 4. Ba4 Nf6 5. O-O b5 6. Bb3 Bb7 7. c3 Nxe4 8. d4
Be7 9. dxe5 O-O 10. Bd5 Nc5 11. Be3 d6 12. Bxc5 dxc5 13. e6 fxe6 14. Bxe6+ Kh8
15. Bd5 Qd6 16. Na3 Rad8 17. Be4 Qf4 18. Qb1 Bd6 19. g3 Qg4 20. Ne1 c4 21. Kg2
Bc5 22. Nf3 Rd3 0-1

[Event "Third Saturday GM 62 2018.01"]
[Site "Backi Petrovac SRB"]
[Date "2018.01.13"]
[Round "9.1"]
[White "Yang, Kaiqi"]
[Black "Saptarshi, Roy"]
[Result "1/2-1/2"]
[WhiteElo "2430"]
[BlackElo "2476"]
[PlyCount "155"]
[EventDate "2018.01.08"]
[EventType "tourn"]
[EventRounds "9"]
[EventCountry "YUG"]
[EventCategory "6"]
[Source "Chess Mix"]
[SourceDate "2018.02.01"]

1. e4 e5 2. Nf3 Nf6 3. Nxe5 d6 4. Nf3 Nxe4 5. d4 d5 6. Bd3 Bd6 7. O-O O-O 8. c4
c6 9. Nc3 Nxc3 10. bxc3 dxc4 11. Bxc4 Bg4 12. Qd3 Nd7 13. Bg5 Qc7 14. h3 Bh5
15. Nh4 Nb6 16. Bb3 Nd5 17. Bc2 Bg6 18. Nxg6 fxg6 19. Rae1 Qa5 20. Bb3 Kh8 21.
Bd2 Bf4 22. Bxd5 Qxd5 23. c4 Qd7 24. Re4 Bxd2 25. Qxd2 Rad8 26. Rd1 Qf7 27. Qe2
Rd7 28. Re6 Qf5 29. Rd3 h6 30. f3 Rfd8 31. Qe3 Qf7 32. Qe5 Qf5 33. Re8+ Rxe8
34. Qxe8+ Kh7 35. Qe4 Re7 36. Qxf5 gxf5 37. Kf2 f4 38. a4 Kg6 39. d5 cxd5 40.
Rxd5 Kf6 41. g3 fxg3+ 42. Kxg3 Rc7 43. c5 Ke6 44. Rd6+ Ke5 45. h4 Rf7 46. Rd8
Rc7 47. h5 Rxc5 48. Rd7 Kf6 49. Rxb7 Ra5 50. Rb4 Rxh5 51. Rc4 Re5 52. f4 Re6
53. Rc5 g5 54. fxg5+ hxg5 55. Rc7 Re3+ 56. Kf2 Re7 57. Rc5 Re5 58. Rc6+ Re6 59.
Rc5 Kg6 60. Ra5 Re7 61. Kg3 Kh5 62. Ra6 Rb7 63. Ra5 Rb3+ 64. Kf2 Kg4 65. Rxa7
Rb2+ 66. Kf1 Ra2 67. a5 Kg3 68. a6 g4 69. Ra8 Ra1+ 70. Ke2 Kg2 71. Rg8 g3 72.
Rg6 Ra2+ 73. Kd3 Kf2 74. Kc4 g2 75. Kb5 Ra3 76. Rf6+ Ke2 77. Rg6 Kf2 78. Rf6+
1/2-1/2

[Event "Pere Noel"]
[Site "Montreal CAN"]
[Date "2017.12.27"]
[Round "1.2"]
[White "Yang, Kaiqi"]
[Black "Prahov, Valentin"]
[Result "1-0"]
[WhiteElo "2494"]
[BlackElo "2075"]
[PlyCount "73"]
[EventDate "2017.12.27"]
[EventType "swiss"]
[EventRounds "5"]
[EventCountry "CAN"]

1. Nf3 Nf6 2. c4 g6 3. g3 Bg7 4. Bg2 O-O 5. Nc3 d5 6. cxd5 Nxd5 7. O-O c5 8.
Nxd5 Qxd5 9. d3 Nc6 10. Be3 Bxb2 11. Rb1 Bf6 12. Qa4 Qd6 13. Rfc1 Nd4 14. Nxd4
cxd4 15. Bh6 Bg7 16. Bf4 Be5 17. Bh6 Bg7 18. Bd2 Bd7 19. Qb4 Be5 20. f4 Qxb4
21. Bxb4 Bd6 22. Bxd6 exd6 23. Rxb7 Be6 24. a4 a5 25. Rb6 Rac8 26. Rxc8 Rxc8
27. Rxd6 Rc2 28. Kf2 Ra2 29. Rxd4 Bb3 30. Bc6 Kg7 31. g4 Bd1 32. Re4 f5 33.
gxf5 gxf5 34. Re5 Kf6 35. Bd7 Bxa4 36. Rxa5 Bb3 37. Rxf5+ 1-0

[Event "Pere Noel"]
[Site "Montreal CAN"]
[Date "2017.12.28"]
[Round "2.2"]
[White "Dougherty, Michael"]
[Black "Yang, Kaiqi"]
[Result "0-1"]
[WhiteElo "2234"]
[BlackElo "2494"]
[PlyCount "118"]
[EventDate "2017.12.27"]
[EventType "swiss"]
[EventRounds "5"]
[EventCountry "CAN"]

1. d4 Nf6 2. c4 e6 3. Nc3 Bb4 4. Nf3 b6 5. g3 Ba6 6. Qb3 c5 7. a3 Ba5 8. Bg2
Nc6 9. O-O Bxc3 10. Qxc3 O-O 11. b4 Bb7 12. dxc5 bxc5 13. b5 Ne4 14. Qd3 Na5
15. Ne5 d5 16. Bxe4 dxe4 17. Qc3 f6 18. Bf4 fxe5 19. Rad1 Qe7 20. Bxe5 Nxc4 21.
Qxc4 Bd5 22. Rxd5 exd5 23. Qxd5+ Qf7 24. Qxc5 Rad8 25. Bd4 Rd7 26. Be3 h5 27.
h4 Qd5 28. Rc1 Rf5 29. Qc6 Qxb5 30. Qxe4 Qd5 31. Rc8+ Kh7 32. Qe8 Re5 33. Qf8
Rf7 34. Qg8+ Kg6 35. Rd8 Qc6 36. Rf8 Rd7 37. Kh2 Qe6 38. Qxe6+ Rxe6 39. Rf4 Ra6
40. Bc5 Rd5 41. Bf8 Rf6 42. Rxf6+ gxf6 43. e4 Rd3 44. Bc5 a5 45. Kg2 Kf7 46. f3
Rc3 47. Bd6 Ke6 48. Bf8 Kf7 49. Bd6 Ke6 50. Bf8 Rc2+ 51. Kh3 Rc8 52. Bh6 Rc3
53. a4 Ra3 54. Bd2 Rxa4 55. g4 Ra2 56. Bh6 hxg4+ 57. Kxg4 a4 58. Bf8 a3 59. Kf4
Ra1 0-1